000 00540nam a2200193Ia 4500
003 GCL
008 140319s9999 xx 000 0 eng d
040 _aGCL /
_cGCL
082 0 4 _a912.
_bW C
100 1 _aWOOD, JENNY
245 1 0 _aTHE CHILDREN'S ATLAS OF PEOPLE & PLACES: TRAVEL THE WORLD AND VISIT PEOPLE IN FAR - OFF LANDS /
_cWOOD, JENNY
260 _a[S.N] :
_bTHE APPLE PRESS ،
_c1993
300 _a95 P
650 0 4 _aATLASES
650 0 4 _aHISTORY
650 0 4 _aGEOGRAPHY
650 0 4 _aHISTORY OF THE WORLD
942 _2ddc
_cBK
999 _c14473
_d14473